| 000 -LEADER |
| fixed length control field |
00850nam a22001577a 4500 |
| 003 - CONTROL NUMBER IDENTIFIER |
| control field |
OSt |
| 005 - DATE AND TIME OF LATEST TRANSACTION |
| control field |
20150917102154.0 |
| 008 - FIXED-LENGTH DATA ELEMENTS--GENERAL INFORMATION |
| fixed length control field |
150917b xxu||||| |||| 00| 0 eng d |
| 040 ## - CATALOGING SOURCE |
| Transcribing agency |
RUA |
| 082 ## - DEWEY DECIMAL CLASSIFICATION NUMBER |
| Classification number |
AGR SUO 2005 B031 Or.1 |
| 100 ## - MAIN ENTRY--PERSONAL NAME |
| 9 (RLIN) |
644 |
| Personal name |
SUONG, SAMEDY. |
| 245 ## - TITLE STATEMENT |
| Title |
Comparison of three varieties of HIBISCUS SABDARIFFA in the condition of crop station of royal university of agriculture ប្រៀបធៀបលក្ខណៈជីវសាស្រ្តលើពូជបីប្រភេទរបស់ដដំណាំ ហ៊ីប៊ីស្គុស សាបដារីហ្វហ្វា ក្នុងលក្ខខណ្ឌដំណាំនៃសាលកវិទ្យាល័យភូមិន្ទកសិកម្ម |
| 260 ## - PUBLICATION, DISTRIBUTION, ETC. (IMPRINT) |
| Place of publication, distribution, etc. |
Phnom Penh |
| Name of publisher, distributor, etc. |
RUA |
| Date of publication, distribution, etc. |
2005 |
| 300 ## - PHYSICAL DESCRIPTION |
| Extent |
xi; 36p. |
| Other physical details |
ill. |
| Dimensions |
29cm. |
| 942 ## - ADDED ENTRY ELEMENTS (KOHA) |
| Source of classification or shelving scheme |
|
| Koha item type |
AGR |